| 000 | 00621nam a2200181Ia 4500 | ||
|---|---|---|---|
| 001 | 17326 | ||
| 005 | 20260306171509.0 | ||
| 008 | 260306s9999||||xx |||||||||||||| ||und|| | ||
| 041 | _aESP | ||
| 082 |
_a657.61 _bV34A |
||
| 100 |
_aVásquez Bernal, Ricardo _eAUT |
||
| 245 | 0 |
_aAplicación por primera vez de las NIIF: _bNIIF plenas y NIIF pymes - guía práctica. Casos prácticos de la aplicación de las normas internacionales de información financiera (NIIF) en la fecha de transición |
|
| 260 | _c2014 | ||
| 300 |
_axxiv, 479 páginas : _c24 cm. |
||
| 650 | _aGEN | ||
| 654 | _aCCO | ||
| 942 |
_cLIB _dJUS _fJUS _2ddc _n |
||
| 999 |
_c17326 _d17326 |
||